[Event "Tehran Universities-ch"]
[Site "Tehran"]
[Date "2020.11.30"]
[Round "4"]
[White "Korevand, Sina"]
[Black "Molaei, Mohammadamin"]
[Result "0-1"]
[WhiteElo "2122"]
[BlackElo "2158"]
[PlyCount "64"]
[EventDate "2020.11.30"]
[EventType "swiss (rapid)"]
[EventRounds "7"]
[EventCountry "IRI"]
[SourceTitle "CBM 199 Extra"]
[Source "ChessBase"]
[SourceDate "2021.01.31"]
[SourceVersion "1"]
[SourceVersionDate "2021.01.31"]
[SourceQuality "1"]

1. d4 e6 2. Bf4 f5 3. Nd2 Nf6 4. e3 Be7 5. Bd3 0-0 6. Ngf3 b6 7. Qe2 Bb7 8. h3 c5 9. c3 Nc6 10. g4 Kh8 11. 0-0-0 Rc8 12. Kb1 cxd4 13. exd4 Nd5 14. Bh2 Na5 15. Ka1 f4 16. Rhe1 b5 17. Bxb5 a6 18. Bd3 Qb6 19. c4 Nb4 20. c5 Qc6 21. Ne5 Qa4 22. Bb1 Bd5 23. a3 d6 24. Nd3 dxc5 25. Bxf4 c4 26. Nxb4 Bxb4 27. Be5 Bxa3 28. bxa3 Qxa3+ 29. Ba2 Qc3+ 30. Kb1 Rb8+ 31. Bb3 Nxb3 32. Bxg7+ Kg8 0-1

[Event "Tehran Universities-ch"]
[Site "Tehran"]
[Date "2020.11.30"]
[Round "2"]
[White "Korevand, Sina"]
[Black "Veisi, Bardia"]
[Result "0-1"]
[WhiteElo "2122"]
[BlackElo "2273"]
[PlyCount "84"]
[EventDate "2020.11.30"]
[EventType "swiss (rapid)"]
[EventRounds "7"]
[EventCountry "IRI"]
[SourceTitle "CBM 199 Extra"]
[Source "ChessBase"]
[SourceDate "2021.01.31"]
[SourceVersion "1"]
[SourceVersionDate "2021.01.31"]
[SourceQuality "1"]

1. e4 e5 2. Nc3 Nf6 3. f4 d5 4. fxe5 Nxe4 5. Nf3 Bg4 6. d4 Bb4 7. Bd2 Bxf3 8. Qxf3 Qh4+ 9. g3 Nxd2 10. Kxd2 Qxd4+ 11. Bd3 0-0 12. Rae1 Nc6 13. a3 Nxe5 14. Qf5 Nxd3 15. cxd3 Bxc3+ 16. bxc3 Qc5 17. d4 Qxa3 18. Qxd5 c6 19. Qd7 Qb2+ 20. Kd3 Rad8 21. Qc7 Qb5+ 22. Kc2 Qf5+ 23. Kb3 Rd5 24. Rhf1 Rb5+ 25. Kc4 Qg6 26. Qd7 Qh5 27. Re7 Rb2 28. Re5 f5 29. Re7 Qg6 30. Rfe1 h6 31. R1e6 Qg4 32. Re8 Rxe8 33. Rxe8+ Kh7 34. Qf7 Re2 35. Rb8 b5+ 36. Kc5 Re3 37. Qg8+ Kg6 38. Rb7 Rxc3+ 39. Kd6 Qxd4+ 40. Kc7 Re3 41. Kb8 Qd6+ 42. Ka8 Re7 0-1

[Event "Avicenna op 16th"]
[Site "Hamedan"]
[Date "2019.09.12"]
[Round "1"]
[White "Gholami Orimi, Mahdi"]
[Black "Korevand, Sina"]
[Result "1-0"]
[WhiteElo "2441"]
[BlackElo "2123"]
[PlyCount "47"]
[EventDate "2019.09.12"]
[EventType "swiss"]
[EventRounds "9"]
[EventCountry "IRI"]
[SourceTitle "EXT 2020"]
[Source "ChessBase"]
[SourceDate "2019.10.17"]
[SourceVersion "1"]
[SourceVersionDate "2019.10.17"]
[SourceQuality "1"]

1. d4 d5 2. c4 e6 3. Nc3 Nf6 4. cxd5 exd5 5. Bg5 Be7 6. e3 0-0 7. Bd3 h6 8. Bh4 c5 9. dxc5 Nc6 10. Nge2 g5 11. Bg3 Bxc5 12. h4 Bg4 13. hxg5 hxg5 14. f3 Bxe3 15. fxg4 Re8 16. Kf1 d4 17. Nb5 Nxg4 18. Bh7+ Kg7 19. Nd6 Rh8 20. Nf5+ Kf6 21. Nf4 Nce5 22. Nh5+ Ke6 23. Qb3+ Kd7 24. Bxe5 1-0

[Event "Asia Nations Cup"]
[Site "Hamedan"]
[Date "2018.08.03"]
[Round "7.3"]
[White "Korevand, Sina"]
[Black "Ganguly, Surya Shekhar"]
[Result "0-1"]
[WhiteElo "2187"]
[BlackElo "2652"]
[PlyCount "52"]
[EventDate "2018.07.28"]
[EventType "team-tourn"]
[EventRounds "9"]
[EventCountry "IRI"]
[SourceTitle "CBM 186 Extra"]
[Source "ChessBase"]
[SourceDate "2018.08.24"]
[SourceVersion "1"]
[SourceVersionDate "2018.08.24"]
[SourceQuality "1"]
[WhiteTeam "Iran White"]
[BlackTeam "India"]
[WhiteTeamCountry "IRI"]
[BlackTeamCountry "IND"]

1. d4 Nf6 2. Bf4 d5 3. e3 c5 4. Nf3 Nc6 5. Nc3 Bg4 6. dxc5 e6 7. Nb5 e5 8. Bg5 e4 9. Bxf6 gxf6 10. h3 exf3 11. hxg4 Qa5+ 12. Nc3 d4 13. exd4 0-0-0 14. gxf3 Bxc5 15. Bd3 Bxd4 16. Rh5 Qb6 17. Kf1 Ne5 18. Ne4 Qxb2 19. Rb1 Qxa2 20. Rb3 Kb8 21. f4 Nxd3 22. Rxd3 Qc4 23. Kg2 Bb6 24. Nd6 Qc6+ 25. Kg3 Rd7 26. Qh1 Rxd6 0-1

[Event "Bandar e Anzali Khazar Cup 16th"]
[Site "Bandar e Anzali"]
[Date "2018.03.02"]
[Round "5"]
[White "Korevand, Sina"]
[Black "Hosseinzadeh, Nima"]
[Result "0-1"]
[WhiteElo "2161"]
[BlackElo "2297"]
[PlyCount "70"]
[EventDate "2018.02.27"]
[EventType "swiss"]
[EventRounds "9"]
[EventCountry "IRI"]
[SourceTitle "CBM 183 Extra"]
[Source "ChessBase"]
[SourceDate "2018.04.19"]
[SourceVersion "1"]
[SourceVersionDate "2018.04.19"]
[SourceQuality "1"]

1. d4 Nf6 2. Bf4 d5 3. e3 e6 4. Nd2 Bd6 5. Ngf3 Bxf4 6. exf4 b6 7. c3 0-0 8. Bd3 Ba6 9. Bxa6 Nxa6 10. Qe2 Nb8 11. 0-0 c5 12. Ne5 Qc7 13. Rfe1 Nc6 14. Qb5 Ne7 15. Ndf3 Nf5 16. Qd3 Rac8 17. Rad1 c4 18. Qc2 b5 19. Ng5 Rb8 20. Nexf7 Rxf7 21. Nxe6 Nxd4 22. cxd4 Qd6 23. Ng5 Re7 24. Re5 Rbe8 25. Rde1 h6 26. Nf3 Ng4 27. Rxe7 Rxe7 28. Rxe7 Qxe7 29. g3 Qe4 30. Qxe4 dxe4 31. Nd2 e3 32. fxe3 Nxe3 33. Ne4 Nd1 34. Nc3 Nxc3 35. bxc3 b4 0-1

[Event "IRI-chT 16th"]
[Site "Sari"]
[Date "2018.02.01"]
[Round "9.3"]
[White "Rastbod, Ali"]
[Black "Korevand, Sina"]
[Result "1-0"]
[WhiteElo "2353"]
[BlackElo "2143"]
[PlyCount "67"]
[EventDate "2017.09.13"]
[EventType "team-swiss"]
[EventRounds "11"]
[EventCountry "IRI"]
[SourceTitle "EXT 2019"]
[Source "ChessBase"]
[SourceDate "2018.10.10"]
[SourceVersion "1"]
[SourceVersionDate "2018.10.10"]
[SourceQuality "1"]
[WhiteTeam "Esfahan Zob Ahan"]
[BlackTeam "Hamedan"]
[WhiteTeamCountry "IRI"]
[BlackTeamCountry "IRI"]

1. g3 d5 2. Nf3 Nf6 3. Bg2 Bf5 4. 0-0 e6 5. d3 Be7 6. c4 c6 7. Qb3 Qb6 8. Be3 Qxb3 9. axb3 Na6 10. Nd4 Kd7 11. Nxf5 exf5 12. Nc3 dxc4 13. bxc4 Rhe8 14. Bd4 g6 15. e4 Ng4 16. exf5 gxf5 17. Ra5 Nh6 18. Bg7 Bf8 19. Bxh6 Bxh6 20. Rxf5 Re7 21. Rh5 Bg7 22. Rxh7 Bxc3 23. bxc3 Nc5 24. d4 Na4 25. Rb1 Kc7 26. Rh6 Nxc3 27. Rxb7+ Kxb7 28. Bxc6+ Kb8 29. Rh8+ Kc7 30. Bxa8 a5 31. Bf3 a4 32. Ra8 Re1+ 33. Kg2 Ra1 34. h4 1-0

[Event "IRI-chT 16th"]
[Site "Sari"]
[Date "2018.01.31"]
[Round "8.3"]
[White "Korevand, Sina"]
[Black "Pourramezanali, Amirreza"]
[Result "0-1"]
[WhiteElo "2143"]
[BlackElo "2534"]
[PlyCount "94"]
[EventDate "2017.09.13"]
[EventType "team-swiss"]
[EventRounds "11"]
[EventCountry "IRI"]
[SourceTitle "EXT 2019"]
[Source "ChessBase"]
[SourceDate "2018.10.10"]
[SourceVersion "1"]
[SourceVersionDate "2018.10.10"]
[SourceQuality "1"]
[WhiteTeam "Hamedan"]
[BlackTeam "Tehran Saipa"]
[WhiteTeamCountry "IRI"]
[BlackTeamCountry "IRI"]

1. d4 g6 2. e4 Bg7 3. Nf3 d6 4. Nc3 Nf6 5. Be2 0-0 6. 0-0 c6 7. Re1 Nbd7 8. Bg5 Qc7 9. Qd2 e5 10. Rad1 Re8 11. Bf1 b5 12. a3 a6 13. g3 Bb7 14. Bg2 exd4 15. Nxd4 Ne5 16. b3 a5 17. Nf3 Nfg4 18. Nxe5 Nxe5 19. Bh6 Bxh6 20. Qxh6 b4 21. axb4 axb4 22. Na4 Rad8 23. f4 Ng4 24. Qh4 Bc8 25. h3 Qa7+ 26. Kh1 Nf2+ 27. Kh2 Nxd1 28. Rxd1 Qe7 29. Qh6 f6 30. Rd4 c5 31. Rd2 Bb7 32. Re2 f5 33. e5 Bxg2 34. Kxg2 Qb7+ 35. Kh2 Qf3 36. Rg2 dxe5 37. Nxc5 exf4 38. Qxf4 Qxf4 39. gxf4 Re3 40. Nd3 Rd4 41. h4 Kg7 42. h5 Rdxd3 43. cxd3 Rxd3 44. hxg6 hxg6 45. Rg3 Rxg3 46. Kxg3 Kh6 47. Kh4 g5+ 0-1

[Event "IRI-chT 16th"]
[Site "Sari"]
[Date "2017.10.18"]
[Round "8.5"]
[White "Korevand, Sina"]
[Black "Gholami, Aryan"]
[Result "0-1"]
[WhiteElo "2184"]
[BlackElo "2482"]
[PlyCount "88"]
[EventDate "2017.09.13"]
[EventType "team-swiss"]
[EventRounds "11"]
[EventCountry "IRI"]
[SourceTitle "EXT 2019"]
[Source "ChessBase"]
[SourceDate "2018.10.10"]
[SourceVersion "1"]
[SourceVersionDate "2018.10.10"]
[SourceQuality "1"]
[WhiteTeam "Hamedan"]
[BlackTeam "Bandarabbas Azad Univ"]
[WhiteTeamCountry "IRI"]
[BlackTeamCountry "IRI"]

1. e4 c5 2. Nf3 e6 3. d4 cxd4 4. Nxd4 a6 5. c4 Nf6 6. Nc3 Qc7 7. a3 b6 8. Be3 Bb7 9. f3 Nc6 10. Be2 h5 11. Rc1 Ne5 12. 0-0 Be7 13. b4 d6 14. a4 0-0 15. Nb3 Rab8 16. a5 bxa5 17. b5 Nfd7 18. Na4 Nc5 19. Nbxc5 dxc5 20. Qe1 Rfc8 21. Bd2 Bd8 22. Be3 Nd7 23. Qf2 Be7 24. Rfd1 Nf8 25. Qe1 e5 26. b6 Qc6 27. Qxa5 Ne6 28. Rd5 f6 29. Bd1 Qe8 30. Nc3 Bxd5 31. Nxd5 Bd8 32. Rb1 Qc6 33. Qxa6 Ra8 34. Qb5 Qxb5 35. Rxb5 Ra1 36. Nc3 Rb8 37. b7 Ra7 38. Na4 Raxb7 39. Bb3 Be7 40. Ba2 Nd4 41. Bxd4 exd4 42. h3 Kf8 43. Nxc5 Bxc5 44. Rxc5 Ra7 0-1

[Event "IRI-chT 16th"]
[Site "Sari"]
[Date "2017.10.17"]
[Round "7.3"]
[White "Gholami, Aryan"]
[Black "Korevand, Sina"]
[Result "1-0"]
[WhiteElo "2489"]
[BlackElo "2143"]
[PlyCount "98"]
[EventDate "2017.09.13"]
[EventType "team-swiss"]
[EventRounds "11"]
[EventCountry "IRI"]
[SourceTitle "EXT 2019"]
[Source "ChessBase"]
[SourceDate "2018.10.10"]
[SourceVersion "1"]
[SourceVersionDate "2018.10.10"]
[SourceQuality "1"]
[WhiteTeam "Bandarabbas Azad Univ"]
[BlackTeam "Hamedan"]
[WhiteTeamCountry "IRI"]
[BlackTeamCountry "IRI"]

1. d4 d5 2. Nf3 Nf6 3. Bf4 c5 4. e3 Nc6 5. c3 Qb6 6. Qb3 c4 7. Qc2 Bf5 8. Qc1 e6 9. Be2 Be7 10. Nbd2 h6 11. h3 0-0 12. g4 Bh7 13. g5 Nh5 14. gxh6 Nxf4 15. exf4 Qc7 16. hxg7 Kxg7 17. Nf1 Bd6 18. Ng3 Kh8 19. Nh5 f6 20. Nh4 Ne7 21. f5 Nxf5 22. Nxf5 Bxf5 23. Rg1 Bh7 24. Qh6 Rf7 25. 0-0-0 b5 26. Rg4 b4 27. Nxf6 Qe7 28. Nxh7 Rxh7 29. Qg6 bxc3 30. bxc3 Rf8 31. Rdg1 Qf7 32. Qxf7 Rhxf7 33. f3 Rb8 34. Bd1 Bf4+ 35. Kc2 Kh7 36. Re1 Rb6 37. Rh4+ Kg7 38. Rg1+ Kf8 39. Rh8+ Ke7 40. Be2 Kf6 41. Rh4 Be3 42. Rb1 Rxb1 43. Kxb1 Rg7 44. Rg4 Rxg4 45. fxg4 Kg5 46. Bd1 Bd2 47. Kb2 Kf4 48. h4 e5 49. g5 Kf5 1-0

[Event "Asia-ch U20"]
[Site "Shiraz"]
[Date "2017.05.04"]
[Round "2"]
[White "Mousavi, Seyed Khalil"]
[Black "Korevand, Sina"]
[Result "1-0"]
[WhiteElo "2435"]
[BlackElo "2198"]
[PlyCount "69"]
[EventDate "2017.05.03"]
[EventType "swiss"]
[EventRounds "9"]
[EventCountry "IRI"]
[SourceTitle "CBM 178 Extra"]
[Source "ChessBase"]
[SourceDate "2017.06.22"]
[SourceVersion "1"]
[SourceVersionDate "2017.06.22"]
[SourceQuality "1"]

1. d4 Nf6 2. Nf3 g6 3. Nbd2 Bg7 4. e4 0-0 5. Bc4 Nxe4 6. Nxe4 d5 7. Bd3 dxe4 8. Bxe4 Nd7 9. 0-0 c5 10. Be3 Nf6 11. Bd3 Nd5 12. c3 Qc7 13. Qb3 cxd4 14. cxd4 Nxe3 15. fxe3 Be6 16. Qa3 a6 17. Rac1 Qd7 18. Be4 Rac8 19. h4 Rxc1 20. Rxc1 Bf6 21. Qa5 Rc8 22. Rc3 Bf5 23. Bxf5 gxf5 24. Ne5 Bxe5 25. Qxe5 Rxc3 26. bxc3 Qe6 27. Qxe6 fxe6 28. Kf2 Kf7 29. Kf3 Kg6 30. Kf4 Kf6 31. a4 a5 32. c4 h6 33. h5 Kg7 34. Ke5 Kf7 35. c5 1-0

[Event "Rasht Khazar op 15th"]
[Site "Rasht"]
[Date "2017.01.23"]
[Round "5"]
[White "Korevand, Sina"]
[Black "Bajarani, Ulvi"]
[Result "0-1"]
[WhiteElo "2184"]
[BlackElo "2486"]
[PlyCount "38"]
[EventDate "2017.01.20"]
[EventType "swiss"]
[EventRounds "9"]
[EventCountry "IRI"]
[SourceTitle "CBM 176 Extra"]
[Source "ChessBase"]
[SourceDate "2017.03.02"]
[SourceVersion "1"]
[SourceVersionDate "2017.03.02"]
[SourceQuality "1"]

1. e4 e6 2. b3 d5 3. Bb2 dxe4 4. Nc3 Nf6 5. Qe2 Be7 6. 0-0-0 0-0 7. g4 Nc6 8. Nxe4 a5 9. d4 a4 10. Nxf6+ Bxf6 11. Nf3 axb3 12. axb3 Nb4 13. Ne5 Qd5 14. f4 Bxe5 15. dxe5 Qxh1 16. Bg2 Qxh2 17. Qe4 Nd5 18. Rf1 Bd7 19. c4 Bc6 0-1

[Event "IRI-ch sf"]
[Site "Arak"]
[Date "2016.11.21"]
[Round "1"]
[White "Mosadeghpour, Masoud"]
[Black "Korevand, Sina"]
[Result "1-0"]
[WhiteElo "2474"]
[BlackElo "2113"]
[PlyCount "65"]
[EventDate "2016.11.21"]
[EventType "swiss"]
[EventRounds "9"]
[EventCountry "IRI"]
[SourceTitle "CBM 175 Extra"]
[Source "ChessBase"]
[SourceDate "2016.12.12"]
[SourceVersion "1"]
[SourceVersionDate "2016.12.12"]
[SourceQuality "1"]

1. e4 e5 2. Nf3 Nc6 3. Bb5 a6 4. Ba4 Nf6 5. 0-0 Be7 6. d3 b5 7. Bb3 0-0 8. Nc3 d6 9. a4 b4 10. Nd5 Rb8 11. a5 Rb5 12. Nxe7+ Nxe7 13. Bc4 Rb8 14. Bg5 Ng6 15. Nh4 Nf4 16. Qd2 Ne6 17. f4 d5 18. fxe5 Nxe4 19. dxe4 Nxg5 20. exd5 Nh3+ 21. gxh3 Qxh4 22. Qf4 Qe7 23. d6 cxd6 24. exd6 Qa7+ 25. Qf2 Qd7 26. Rae1 Bb7 27. Qg3 Qc6 28. Rxf7 Qc5+ 29. Re3 Rxf7 30. Bxf7+ Kh8 31. Qe5 Qa7 32. d7 Bc6 33. Qxb8+ 1-0

[Event "Arak op 15th"]
[Site "Arak"]
[Date "2016.08.14"]
[Round "6"]
[White "Korevand, Sina"]
[Black "Mojaverian, Hossein"]
[Result "0-1"]
[WhiteElo "2016"]
[BlackElo "2153"]
[PlyCount "118"]
[EventDate "2016.08.11"]
[EventType "swiss"]
[EventRounds "11"]
[EventCountry "IRI"]
[SourceTitle "CBM 173 Extra"]
[Source "ChessBase"]
[SourceDate "2016.08.29"]
[SourceVersion "1"]
[SourceVersionDate "2016.08.29"]
[SourceQuality "1"]

1. e4 e6 2. d4 d5 3. Nd2 Nf6 4. e5 Nfd7 5. Bd3 c5 6. c3 Nc6 7. Ne2 cxd4 8. cxd4 f6 9. exf6 Nxf6 10. 0-0 Bd6 11. Nf3 Qc7 12. Ng3 0-0 13. Bd2 Bd7 14. Rc1 Rae8 15. Re1 Qb6 16. Bc3 Re7 17. Ne5 Be8 18. Kh1 Bxe5 19. Rxe5 Nxe5 20. dxe5 Nd7 21. Bd4 Qa5 22. b4 Qa3 23. Ne2 Bg6 24. Bb5 a6 25. Rc3 Qxa2 26. Ba4 Qb1 27. Rc1 Qf5 28. Rc7 b5 29. Bc2 Qf7 30. Bxg6 hxg6 31. Nc1 Ra8 32. Nd3 Nf8 33. Rc3 Rc7 34. Nc5 a5 35. Ra3 a4 36. Qf1 Qe8 37. Qe2 Nd7 38. Qxb5 Nxc5 39. Qxe8+ Rxe8 40. Bxc5 Ra8 41. Kg1 Kf7 42. Rf3+ Kg8 43. Ra3 g5 44. Kf1 Kf7 45. Ke2 Ke8 46. Kf3 Kd7 47. Kg4 Kc6 48. Kxg5 Rd7 49. f4 d4 50. Bd6 Kd5 51. f5 exf5 52. Kxf5 Rf7+ 53. Kg6 Rf2 54. b5 Rxg2+ 55. Kf7 Ra7+ 56. Kf8 Rb2 57. Rd3 Rxb5 58. h4 Rb3 59. Rd1 d3 0-1

[Event "Iran-ch U20"]
[Site "Semnan"]
[Date "2016.04.22"]
[Round "4.3"]
[White "Hamidi, Amir Mohammad"]
[Black "Korevand, Sina"]
[Result "1/2-1/2"]
[WhiteElo "2209"]
[BlackElo "2101"]
[PlyCount "104"]
[EventDate "2016.04.20"]
[EventType "swiss"]
[EventRounds "9"]
[EventCountry "IRI"]
[SourceTitle "EXT 2024"]
[Source "ChessBase"]
[SourceDate "2023.10.10"]
[SourceVersion "1"]
[SourceVersionDate "2023.10.10"]
[SourceQuality "1"]

1. d4 Nf6 2. c4 g6 3. Nc3 Bg7 4. e4 0-0 5. f3 d6 6. Be3 c6 7. Qd2 a6 8. a4 a5 9. Bd3 Na6 10. Rd1 e5 11. Nge2 Nd7 12. d5 Ndc5 13. Bc2 Qb6 14. 0-0 Rd8 15. b3 Nb4 16. Nc1 Qc7 17. dxc6 bxc6 18. Bxc5 Nxc2 19. Bf2 Nb4 20. Be3 Be6 21. Qf2 Rab8 22. Rd2 f5 23. Bg5 Rd7 24. Qh4 f4 25. Rfd1 d5 26. exd5 cxd5 27. Bf6 Rb7 28. Bxg7 Kxg7 29. Nxd5 Bxd5 30. cxd5 Rxd5 31. Qe1 Qc5+ 32. Kf1 Rbd7 33. g3 Nc2 34. Rxd5 Rxd5 35. Rxd5 Qxd5 36. Qe2 Ne3+ 37. Ke1 Qd4 38. gxf4 exf4 39. Qd2 Qe5 40. Nd3 Qa1+ 41. Qc1 Qxc1+ 42. Nxc1 Nc2+ 43. Kd2 Nd4 44. Kd3 Nxf3 45. Ke4 Ng5+ 46. Kxf4 Kf6 47. Nd3 Nf7 48. Ke4 h5 49. h4 g5 50. hxg5+ Nxg5+ 51. Kf4 Ne6+ 52. Kg3 Nd4 1/2-1/2

[Event "Iran-ch U20"]
[Site "Semnan"]
[Date "2016.04.21"]
[Round "2.2"]
[White "Mousavi, Seyed Khalil"]
[Black "Korevand, Sina"]
[Result "1-0"]
[WhiteElo "2416"]
[BlackElo "2101"]
[PlyCount "63"]
[EventDate "2016.04.20"]
[EventType "swiss"]
[EventRounds "9"]
[EventCountry "IRI"]
[SourceTitle "EXT 2024"]
[Source "ChessBase"]
[SourceDate "2023.10.10"]
[SourceVersion "1"]
[SourceVersionDate "2023.10.10"]
[SourceQuality "1"]

1. c4 Nf6 2. Nc3 g6 3. g3 Bg7 4. Bg2 0-0 5. e3 d6 6. Nge2 Nbd7 7. 0-0 e5 8. d4 Re8 9. b3 e4 10. Nf4 Nf8 11. f3 exf3 12. Qxf3 c6 13. Bb2 Bg4 14. Qf2 Bf5 15. Rae1 Ne4 16. Nxe4 Bxe4 17. Nh3 f5 18. Bxe4 Rxe4 19. Qf3 Ne6 20. Nf2 Ng5 21. Qg2 Re8 22. g4 fxg4 23. Nxg4 Ne4 24. d5 Qg5 25. Bxg7 Kxg7 26. Rf4 cxd5 27. cxd5 h5 28. h4 Qxh4 29. Nf2 Qg5 30. Rxe4 Qxg2+ 31. Kxg2 Rac8 32. Rxe8 1-0

[Event "Rasht Baran Cup 7th 		  "]
[Site "Rasht"]
[Date "2014.06.24"]
[Round "4"]
[White "Kazemiyan Eski, Abolfazl"]
[Black "Korevand, Sina"]
[Result "1/2-1/2"]
[WhiteElo "1783"]
[BlackElo "1938"]
[PlyCount "54"]
[EventDate "2014.06.22"]
[EventType "swiss"]
[EventRounds "9"]
[EventCountry "IRI"]
[SourceTitle "CBM 161 Extra"]
[Source "ChessBase"]
[SourceDate "2014.08.29"]
[SourceVersion "1"]
[SourceVersionDate "2014.08.29"]
[SourceQuality "1"]

1. e4 e5 2. Nf3 Nc6 3. Bc4 Bc5 4. c3 Bb6 5. d3 Nf6 6. 0-0 h6 7. Re1 0-0 8. Nbd2 d6 9. Nf1 Re8 10. b4 Be6 11. Bb3 a6 12. Be3 Bxe3 13. Nxe3 d5 14. exd5 Nxd5 15. Qc2 Nf4 16. Rad1 Qf6 17. Bxe6 Rxe6 18. g3 Ng6 19. Nd2 Ree8 20. Ne4 Qe6 21. Nc5 Qc8 22. a3 b6 23. Ne4 Nge7 24. d4 f5 25. d5 fxe4 26. dxc6 Qe6 27. Qxe4 Rad8 1/2-1/2

[Event "Hamedan 5th"]
[Site "Hamedan"]
[Date "2013.??.??"]
[Round "9.1"]
[White "Delavari, Amirali"]
[Black "Korevand, Sina"]
[Result "1/2-1/2"]
[WhiteElo "1835"]
[BlackElo "1905"]
[PlyCount "42"]
[EventDate "2013.12.30"]
[EventType "tourn"]
[EventRounds "11"]
[EventCountry "IRI"]
[SourceTitle "EXT 2024"]
[Source "ChessBase"]
[SourceDate "2023.10.10"]
[SourceVersion "1"]
[SourceVersionDate "2023.10.10"]
[SourceQuality "1"]

1. d4 Nf6 2. Nf3 e6 3. c4 b6 4. Nc3 Bb4 5. Bg5 Bb7 6. e3 d6 7. Qa4+ Nc6 8. d5 Qd7 9. dxc6 Bxc3+ 10. bxc3 Bxc6 11. Qc2 Ne4 12. Bf4 0-0 13. Bd3 f5 14. 0-0 e5 15. Bxe5 dxe5 16. Nxe5 Qe6 17. Nxc6 Qxc6 18. f3 Nd6 19. a4 Kh8 20. e4 Nxc4 21. Bxc4 Qxc4 1/2-1/2

[Event "Hamedan 5th"]
[Site "Hamedan"]
[Date "2013.??.??"]
[Round "7.1"]
[White "Kalvandi, Nashmil"]
[Black "Korevand, Sina"]
[Result "0-1"]
[WhiteElo "1381"]
[BlackElo "1905"]
[PlyCount "70"]
[EventDate "2013.12.30"]
[EventType "tourn"]
[EventRounds "11"]
[EventCountry "IRI"]
[SourceTitle "EXT 2024"]
[Source "ChessBase"]
[SourceDate "2023.10.10"]
[SourceVersion "1"]
[SourceVersionDate "2023.10.10"]
[SourceQuality "1"]

1. e4 e5 2. Nf3 Nc6 3. Bc4 Bc5 4. 0-0 d6 5. h3 Nf6 6. Nc3 Be6 7. Bb3 h6 8. d3 0-0 9. Be3 Bb6 10. Na4 d5 11. Nxb6 axb6 12. exd5 Bxd5 13. c4 Be6 14. Ba4 Qd6 15. Bxc6 bxc6 16. Qc2 c5 17. Qc3 Nd7 18. Rfe1 f6 19. a3 Bf5 20. Rad1 Qc6 21. Nh4 Bh7 22. Bc1 Rad8 23. Re3 Rfe8 24. Rg3 Kh8 25. Ng6+ Bxg6 26. Rxg6 Nf8 27. Rg3 Ne6 28. Re1 Rd6 29. Bd2 Red8 30. Ree3 Qd7 31. Ref3 Nd4 32. Re3 Nf5 33. Ref3 Nxg3 34. Rxg3 Rxd3 35. Rxd3 Qxd3 0-1